Hirohito : (Record no. 19467)

MARC details
000 -LEADER
fixed length control field 00866cam a2200277 a 4500
001 - CONTROL NUMBER
control field 2924993
003 - CONTROL NUMBER IDENTIFIER
control field BDDh-ASL
005 - DATE AND TIME OF LATEST TRANSACTION
control field 20231015025801.0
008 - FIXED-LENGTH DATA ELEMENTS--GENERAL INFORMATION
fixed length control field 890306s1989 e af b 001 0 eng
010 ## - LIBRARY OF CONGRESS CONTROL NUMBER
LC control number 89005677
020 ## - INTERNATIONAL STANDARD BOOK NUMBER
International Standard Book Number 0394580729 :
Terms of availability $22.50
040 ## - CATALOGING SOURCE
Original cataloging agency DLC
Transcribing agency DLC
Modifying agency BDDh-ASL
043 ## - GEOGRAPHIC AREA CODE
Geographic area code a-ja---
050 00 - LIBRARY OF CONGRESS CALL NUMBER
Classification number DS889.8
Item number .B44 1989
082 00 - DEWEY DECIMAL CLASSIFICATION NUMBER
Classification number 952.033
Edition number 19
Item number BEH
100 1# - MAIN ENTRY--PERSONAL NAME
Personal name Behr, Edward,
Dates associated with a name 1926-2007.
245 10 - TITLE STATEMENT
Title Hirohito :
Remainder of title behind the myth /
Statement of responsibility, etc. Edward Behr.
260 ## - PUBLICATION, DISTRIBUTION, ETC.
Place of publication, distribution, etc. London :
Name of publisher, distributor, etc. Hamish Hamilton,
Date of publication, distribution, etc. 1989.
300 ## - PHYSICAL DESCRIPTION
Extent vi, 486 p., [8] p. of plates :
Other physical details ill. ;
Dimensions 25 cm.
500 ## - GENERAL NOTE
General note Includes index.
504 ## - BIBLIOGRAPHY, ETC. NOTE
Bibliography, etc. note Includes bibliographical references (p. 403-405).
600 00 - SUBJECT ADDED ENTRY--PERSONAL NAME
Personal name Hirohito,
Titles and other words associated with a name Emperor of Japan,
Dates associated with a name 1901-1989.
650 #0 - SUBJECT ADDED ENTRY--TOPICAL TERM
Topical term or geographic name entry element Emperors
Geographic subdivision Japan
General subdivision Biography.
906 ## - LOCAL DATA ELEMENT F, LDF (RLIN)
a 7
b cbc
c orignew
d 1
e ocip
f 19
g y-gencatlg
942 ## - ADDED ENTRY ELEMENTS (KOHA)
Source of classification or shelving scheme Dewey Decimal Classification
Koha item type Books
Holdings
Withdrawn status Lost status Source of classification or shelving scheme Damaged status Not for loan Collection code Home library Current library Shelving location Date acquired Source of acquisition Total Checkouts Full call number Barcode Date last seen Copy number Price effective from Koha item type
    Dewey Decimal Classification     Non-fiction Asiatic Society Library Asiatic Society Library Sirajul Islam Collection 12/03/2020 Donated by Professor Sirajul Islam, FRHS   952.033 BEH 102800 12/03/2020 C-1 12/03/2020 Books

Powered by Koha